| 000 | 00495nam a2200169 a 4500 | ||
|---|---|---|---|
| 005 | 20140412111306.0 | ||
| 008 | 010430s19uu xx 00 eng d | ||
| 020 | _a0-525-44561-7 | ||
| 050 |
_aTR(PS E _bMa11 1984 |
||
| 100 | _aHines, Anna Grossnickle | ||
| 245 |
_aMaybe a band-aid will help / _cAnna Grossnickle Hines. |
||
| 260 |
_aNew York : _bE. P. Dutton, _c1984. |
||
| 300 | _a1v. (unp.) ; ill. | ||
| 650 | _aDolls-Stories | ||
| 650 | _aParent and child relationship | ||
| 999 |
_c103719 _d103719 |
||